1971 year quiz - Statistics

General Stats
  • This quiz has been taken 79 times
  • The average score is 7 of 10
Answer Stats
Hint Answer % Correct
This country declares independence from Pakistan Bangladesh
95%
This theme park opens in Florida Disney World
92%
This daredevil jumps a record 19 cars on his motorbike Evel Knievel
75%
China admitted to this organisation in place of Taiwan The United Nations
70%
This rocker dies in the bath in Paris Jim Morrison
68%
This eco group is founded Greenpeace
65%
Women get the vote in this mountainous country Switzerland
63%
Nixon ends Bretton Woods system, unpegging dollar from this Gold
57%
This family cements its power in Syria, taking over the presidency Assad
51%
The Persian Gulf 'Trucial states' win independence from this country Britain
49%
No matching quizzes found
Score Distribution
Percent of People with Each Score
Percentile by Number Answered
Your Score History
You have not taken this quiz